25th hour - Monologue - Statistics

General Stats
  • This quiz has been taken 25 times
  • The average score is 324 of 679
Answer Stats
Answer % Correct
a
100%
A
100%
an
100%
and
100%
And
100%
I
100%
in
100%
it.
100%
it,
100%
it
100%
no
100%
No,
100%
on
100%
on!
100%
On
100%
the
100%
THE
100%
to
100%
who
100%
you,
100%
you
100%
You
100%
every
86%
for
86%
fuck
86%
Fuck
86%
FUCK
86%
fuck!
86%
Go
86%
had
86%
He
86%
he
86%
me?
86%
me
86%
« The
86%
they
86%
They
86%
this
86%
up
86%
where
86%
all
71%
all,
71%
Bin
71%
fuckin’
71%
her
71%
his
71%
J.!
71%
make
71%
my
71%
not
71%
of
71%
she
71%
St.
71%
their
71%
too.
71%
whole
71%
with
71%
ass!
57%
ass.
57%
at
57%
car
57%
car,
57%
city
57%
city.
57%
City
57%
don’t
57%
everyone
57%
fucking
57%
FUCKING
57%
Give
57%
Italians
57%
men
57%
out
57%
Russians
57%
that
57%
then
57%
your
57%
back.
43%
back
43%
back,
43%
between
43%
boys
43%
Chelsea
43%
down
43%
DOWN!
43%
dumb
43%
father
43%
from!
43%
From
43%
from
43%
hair,
43%
Laden,
43%
Let
43%
let
43%
look
43%
man.
43%
money,
43%
Montgomery
43%
mother
43%
new
43%
Osama
43%
other
43%
our
43%
place.
43%
Puerto
43%
Ricans.
43%
Ricans
43%
shit?
43%
street
43%
Street
43%
sugar
43%
them,
43%
about
29%
anybody,
29%
assholes
29%
away,
29%
Beach.
29%
behind
29%
bitch.
29%
Brighton
29%
Brogan.
29%
can
29%
Channel
29%
church
29%
clean
29%
cops
29%
cross,
29%
cubes
29%
day.
29%
day
29%
Dom-in-i-cans,
29%
each
29%
East
29%
everything
29%
fire
29%
fooling
29%
friend,
29%
get
29%
Going
29%
good.
29%
hands
29%
hard
29%
hell,
29%
hell.
29%
into
29%
lay-up
29%
LIFE!
29%
Mobster
29%
off
29%
one
29%
parade
29%
Park
29%
parks
29%
people
29%
pray
29%
rest
29%
seven
29%
Side
29%
some
29%
speaky
29%
spend
29%
sweetheart!
29%
take
29%
teeth.
29%
Ten
29%
think
29%
those
29%
threw
29%
us
29%
worst
29%
years
29%
47th
14%
Alphabet
14%
angels
14%
ash
14%
Avenue,
14%
avenues
14%
ball,
14%
bar
14%
baseball
14%
Bensonhurst
14%
best
14%
biceps.
14%
blame
14%
blue
14%
break!
14%
Bronx
14%
burn
14%
came
14%
’cause
14%
cave-dwelling
14%
chests
14%
club
14%
corrupt
14%
curry
14%
diamonds!
14%
dicks
14%
easy!
14%
Elinsky.
14%
endless
14%
English?
14%
eternity!
14%
eternity
14%
even
14%
everywhere.
14%
faces
14%
firemen,
14%
fires
14%
five
14%
Francis
14%
fruit
14%
fuckers,
14%
fundamentalist
14%
gave
14%
getting
14%
got
14%
grief,
14%
hallelujahs
14%
hoop.
14%
innocent
14%
Jacob
14%
jail
14%
J.C.!
14%
jet-fuel
14%
Korean
14%
legioned
14%
little
14%
Louisville
14%
Move
14%
murdered,
14%
names
14%
Naturelle
14%
never
14%
Otisville,
14%
play
14%
priests
14%
pumped-up
14%
put
14%
rage,
14%
rise
14%
river,
14%
roasting
14%
roses
14%
Selling
14%
selling
14%
Send
14%
seventy-two
14%
sipping
14%
Slaughtery
14%
sodas,
14%
stabbed
14%
standing
14%
started
14%
steps
14%
still
14%
stinking
14%
strolling
14%
submerge
14%
suits,
14%
tenements
14%
thousands
14%
trust!
14%
trust
14%
Try
14%
Twenty
14%
Upper
14%
uptown
14%
Wall
14%
wall
14%
want
14%
waters
14%
waxed
14%
weekend
14%
while
14%
whores
14%
wives
14%
Xavier
14%
You’re
14%
you’re
14%
35.
0%
41
0%
African
0%
ago.
0%
al-Qaeda,
0%
Anthony
0%
anus-violating
0%
apartheid
0%
around
0%
artichokes.
0%
Astoria
0%
audition
0%
backward-ass
0%
Balducci
0%
bats,
0%
betray
0%
black-hatted
0%
blind.
0%
Bombers.
0%
bombing
0%
brokers.
0%
brothers.
0%
brownstones
0%
Bush
0%
cabs,
0%
cafés,
0%
camel
0%
Chassidim,
0%
cheering
0%
Cheney
0%
child’s
0%
country,
0%
crumble
0%
dandruff.
0%
dealin’
0%
decrepit
0%
defense,
0%
delivering
0%
didn’t
0%
dirty
0%
dirtying
0%
Douglas,
0%
earthquake
0%
ended
0%
Enron
0%
evil.
0%
fifty-dollar
0%
figuring
0%
gabardine
0%
Gekko
0%
Giambi
0%
girlfriend’s
0%
glasses,
0%
Gordon
0%
grocers
0%
grubbing
0%
Hermès
0%
hundred
0%
Irish
0%
Island.
0%
Jason
0%
jingling
0%
job!
0%
jockeys
0%
judging
0%
kiss
0%
know
0%
lifted
0%
lofts
0%
malcontent.
0%
masters
0%
medallions,
0%
Michael
0%
nylon
0%
Overfed
0%
overpriced
0%
Pakistanis
0%
panhandlers,
0%
pants.
0%
pass
0%
penthouses
0%
piers,
0%
plastic.
0%
plungers
0%
pomaded
0%
pores
0%
projects
0%
protects
0%
pulled
0%
pyramids
0%
rat-infested
0%
Riviera,
0%
rob
0%
rolls,
0%
row-houses
0%
royal
0%
scarves
0%
schemin’.
0%
Self-styled
0%
shiny.
0%
shots,
0%
Sikhs
0%
silence.
0%
sitting
0%
Slavery
0%
Slope
0%
SLOW
0%
Slugger
0%
smiling
0%
Soho.
0%
sold
0%
Sopranos. »
0%
South
0%
split-levels
0%
squeegee
0%
stares
0%
Staten
0%
steaming
0%
stretched,
0%
swelling
0%
swinging
0%
taut
0%
tea
0%
Terrorists
0%
thirty
0%
thugs
0%
towel-headed
0%
training.
0%
trying
0%
tulips
0%
turn
0%
Tyco!
0%
universe.
0%
wannabe
0%
warm-up
0%
ways
0%
welfare
0%
Wheelin’
0%
Whining
0%
whisky
0%
white
0%
windshield
0%
working
0%
Worldcom!
0%
wrapped
0%
No matching quizzes found
Score Distribution
Percent of People with Each Score
Percentile by Number Answered
Your Score History
You have not taken this quiz